[Event "Titled Tuesday intern op 30th Apr Early"]
[Site "Chess.com INT"]
[Date "2024.04.30"]
[Round "11"]
[White "Goltsev, Dmitry"]
[Black "Seo, Jung Min"]
[Result "1-0"]
[WhiteElo "2215"]
[BlackElo "2455"]
[PlyCount "107"]
[EventDate "2024.04.30"]
[EventType "swiss (blitz)"]
[EventRounds "11"]
[EventCountry "USA"]
[SourceTitle "CB19_2024"]
[SourceDate "2024.05.08"]
[SourceVersion "1"]
[SourceVersionDate "2024.05.08"]
[SourceQuality "1"]

1. e4 e6 2. d4 d5 3. exd5 exd5 4. Nf3 Nc6 5. c4 Nf6 6. Nc3 Be7 7. Bd3 0-0 8. 0-0 dxc4 9. Bxc4 Bg4 10. Bg5 Bxf3 11. Qxf3 Qxd4 12. Bb3 Qg4 13. Qxg4 Nxg4 14. Bf4 Nge5 15. Bd5 Bd6 16. Nb5 Rad8 17. Nxd6 cxd6 18. Rfd1 Rfe8 19. Rac1 Kf8 20. h3 h6 21. a3 Rd7 22. b4 a6 23. Kf1 g5 24. Bxc6 Nxc6 25. Rxd6 Rxd6 26. Bxd6+ Kg7 27. a4 Re6 28. Rd1 Re4 29. b5 Na5 30. bxa6 bxa6 31. Rd4 Re6 32. Bc7 Nc6 33. Rd6 Kf6 34. Rd7 h5 35. a5 Kg6 36. Bb6 Ne5 37. Rd4 Nc6 38. Rd7 Ne5 39. Rd4 f6 40. Bc7 Nc6 41. Rc4 Ne7 42. Rd4 Nf5 43. Rb4 Rc6 44. Bb6 Nh4 45. g3 Nf3 46. Be3 Ne5 47. Rb6 Kf5 48. f4 gxf4 49. gxf4 Rc3 50. fxe5 Rxe3 51. exf6 Rxh3 52. f7 Rf3+ 53. Ke2 Kg4 54. Rg6+ 1-0

[Event "Karlsruhe Grenke op"]
[Site "Karlsruhe"]
[Date "2024.03.29"]
[Round "2"]
[White "Zienkiewicz, Jan"]
[Black "Seo, Jung Min"]
[Result "1/2-1/2"]
[WhiteElo "2218"]
[BlackElo "2450"]
[PlyCount "113"]
[EventDate "2024.03.28"]
[EventType "swiss"]
[EventRounds "9"]
[EventCountry "GER"]
[SourceTitle "CB14_2024"]
[SourceDate "2024.04.01"]
[SourceVersion "1"]
[SourceVersionDate "2024.04.01"]
[SourceQuality "1"]

1. e4 c5 2. Nf3 d6 3. d4 cxd4 4. Nxd4 Nf6 5. Nc3 a6 6. h3 e5 7. Nb3 Be6 8. f4 Be7 9. f5 Bd7 10. g4 Bc6 11. Bg2 h6 12. Be3 Nbd7 13. h4 Nb6 14. Qe2 Na4 15. Nxa4 Bxa4 16. Bf3 Bc6 17. Qg2 Nd7 18. 0-0-0 Qc7 19. g5 0-0-0 20. Qf2 b6 21. f6 gxf6 22. gxf6 Bf8 23. Be2 Kb7 24. Bd3 h5 25. Qe2 Ra8 26. Rdf1 d5 27. exd5 Bxd5 28. Bg5 Bxh1 29. Rxh1 Ka7 30. Bxa6 Bh6 31. Bc4 Nxf6 32. Rf1 Nd7 33. Rxf7 Raf8 34. Qd2 Rxf7 35. Bxf7 Nc5 36. Bg6 Bxg5 37. Qxg5 Nxb3+ 38. axb3 Qg7 39. Qf5 Rf8 40. Qd3 Rf6 41. Bxh5 Rh6 42. Be2 Qg1+ 43. Kd2 Qg7 44. c3 Qe7 45. Kc2 e4 46. Qb5 Rd6 47. h5 Kb8 48. Kb1 e3 49. Ka2 Qe6 50. c4 Rd2 51. c5 Qf6 52. Qe8+ Kb7 53. Qe4+ Kb8 54. Qe8+ Kb7 55. Qe4+ Kb8 56. Qe8+ Kb7 57. Qe4+ 1/2-1/2

[Event "Titled Tuesday intern op 27th Feb Late"]
[Site "Chess.com INT"]
[Date "2024.02.27"]
[Round "1"]
[White "Cofre Archibold, Nestor"]
[Black "Seo, Jung Min"]
[Result "0-1"]
[WhiteElo "2258"]
[BlackElo "2466"]
[PlyCount "88"]
[EventDate "2024.02.27"]
[EventType "swiss (blitz)"]
[EventRounds "11"]
[EventCountry "USA"]
[SourceTitle "CB10_2024"]
[SourceDate "2024.03.06"]
[SourceVersion "1"]
[SourceVersionDate "2024.03.06"]
[SourceQuality "1"]

1. c4 Nf6 2. g3 e6 3. Bg2 d5 4. Nf3 d4 5. 0-0 c5 6. e3 Nc6 7. exd4 cxd4 8. Re1 Bd6 9. d3 h6 10. Na3 0-0 11. Nc2 a5 12. b3 e5 13. a3 Bf5 14. Rb1 Re8 15. b4 axb4 16. axb4 Rc8 17. b5 Ne7 18. Nb4 Ng6 19. Qb3 Qd7 20. Ba3 Bc5 21. Nd2 h5 22. Nd5 Nxd5 23. Bxd5 Bxa3 24. Qxa3 h4 25. Ne4 hxg3 26. hxg3 Bxe4 27. Bxe4 Nf8 28. c5 Qe7 29. Rbc1 Ne6 30. Bf5 Rxc5 31. Bxe6 Rxc1 32. Bxf7+ Qxf7 33. Qxc1 Qd5 34. b6 e4 35. dxe4 Rxe4 36. Qc8+ Kh7 37. Rd1 d3 38. Qh3+ Kg8 39. Qc8+ Kh7 40. Qh3+ Kg6 41. g4 Rd4 42. Rd2 Qe5 43. Kf1 Qd5 44. Qe3 Qh1# 0-1

[Event "Kragero op"]
[Site "Kragero"]
[Date "2024.02.24"]
[Round "7"]
[White "Haug, Havard"]
[Black "Seo, Jung Min"]
[Result "1/2-1/2"]
[WhiteElo "2322"]
[BlackElo "2466"]
[PlyCount "85"]
[EventDate "2024.02.21"]
[EventType "swiss"]
[EventRounds "9"]
[EventCountry "NOR"]
[SourceTitle "CB09_2024"]
[SourceDate "2024.02.28"]
[SourceVersion "1"]
[SourceVersionDate "2024.02.28"]
[SourceQuality "1"]

1. e4 e6 2. d4 d5 3. exd5 exd5 4. Nf3 Bd6 5. Bd3 Nc6 6. 0-0 Nge7 7. c3 Bg4 8. Re1 Qd7 9. a4 0-0 10. Nbd2 Rfe8 11. h3 Bf5 12. Nf1 Bxd3 13. Qxd3 a6 14. b3 Ng6 15. Bd2 Nf4 16. Bxf4 Bxf4 17. g3 Bh6 18. Kg2 g6 19. h4 Bg7 20. h5 Rxe1 21. Rxe1 Re8 22. hxg6 hxg6 23. Rxe8+ Qxe8 24. Ne3 Ne7 25. Ne5 Qc8 26. c4 Qe6 27. cxd5 Nxd5 28. Nxd5 Qxd5+ 29. Qf3 c6 30. Qxd5 cxd5 31. Kf3 Kf8 32. Ke3 Ke7 33. Nd3 a5 34. Nc5 b6 35. Nd3 Kd6 36. f4 Ke6 37. g4 Bh6 38. Ne5 Bf8 39. f5+ gxf5 40. gxf5+ Kxf5 41. Nxf7 Be7 42. Ne5 Ke6 43. Kd3 1/2-1/2

[Event "Stockholm Spangbergs Memorial"]
[Site "Stockholm"]
[Date "2024.02.17"]
[Round "4"]
[White "Seo, Jung Min"]
[Black "Logdahl, Harald"]
[Result "1-0"]
[WhiteElo "2466"]
[BlackElo "2230"]
[PlyCount "83"]
[EventDate "2024.02.17"]
[EventType "swiss"]
[EventRounds "7"]
[EventCountry "SWE"]
[SourceTitle "CB08_2024"]
[SourceDate "2024.02.21"]
[SourceVersion "1"]
[SourceVersionDate "2024.02.21"]
[SourceQuality "1"]

1. Nf3 f5 2. d3 Nc6 3. d4 e6 4. c4 Bb4+ 5. Bd2 Bxd2+ 6. Qxd2 d6 7. Nc3 Nf6 8. e3 0-0 9. Rd1 Qe7 10. Be2 Ne4 11. Qc2 Nxc3 12. Qxc3 e5 13. dxe5 dxe5 14. 0-0 e4 15. Nd4 Ne5 16. c5 a6 17. b4 Kh8 18. Rd2 Qf6 19. Qc2 Bd7 20. a4 Rae8 21. b5 axb5 22. Nxb5 Bxb5 23. axb5 Qg5 24. g3 Qh6 25. h4 Rf6 26. Rfd1 Rfe6 27. Rd5 Qf6 28. Qa4 h6 29. Qa7 g5 30. hxg5 hxg5 31. Qxb7 f4 32. Qxc7 Rf8 33. Rd8 Ree8 34. Rxe8 Rxe8 35. Rd6 Qf5 36. Rd8 Rxd8 37. Qxd8+ Kg7 38. Qe7+ Kg6 39. gxf4 gxf4 40. Qh4 f3 41. Bf1 Nd3 42. c6 1-0

[Event "Vaxjo op"]
[Site "Vaxjo"]
[Date "2024.02.09"]
[Round "3"]
[White "Frisk, Ellinor"]
[Black "Seo, Jung Min"]
[Result "0-1"]
[WhiteElo "2141"]
[BlackElo "2466"]
[PlyCount "54"]
[EventDate "2024.02.09"]
[EventType "swiss"]
[EventRounds "8"]
[EventCountry "SWE"]
[SourceTitle "CB07_2024"]
[SourceDate "2024.02.14"]
[SourceVersion "1"]
[SourceVersionDate "2024.02.14"]
[SourceQuality "1"]

1. Nf3 Nf6 2. c4 e6 3. g3 b6 4. Bg2 Bb7 5. 0-0 c5 6. d4 cxd4 7. Qxd4 Be7 8. Nc3 0-0 9. Nb5 Na6 10. Nd6 Bc6 11. Bg5 h6 12. Bxf6 Bxf6 13. Qd2 Nc5 14. Nd4 Bxg2 15. Kxg2 Qc7 16. N6b5 Qb7+ 17. Kg1 Ne4 18. Qd3 a6 19. Nc3 Nxc3 20. Qxc3 Rac8 21. Qd3 d5 22. cxd5 Qxd5 23. Rfd1 Rfd8 24. Qxa6 Ra8 25. Qb5 Bxd4 26. Qxd5 Rxd5 27. e3 Bxb2 0-1

[Event "Vaxjo op"]
[Site "Vaxjo"]
[Date "2024.02.09"]
[Round "2"]
[White "Seo, Jung Min"]
[Black "Ostensson, Julia"]
[Result "1-0"]
[WhiteElo "2466"]
[BlackElo "1990"]
[PlyCount "59"]
[EventDate "2024.02.09"]
[EventType "swiss"]
[EventRounds "8"]
[EventCountry "SWE"]
[SourceTitle "CB07_2024"]
[SourceDate "2024.02.14"]
[SourceVersion "1"]
[SourceVersionDate "2024.02.14"]
[SourceQuality "1"]

1. e4 c5 2. Nf3 d6 3. Bc4 e6 4. 0-0 Be7 5. Re1 Nf6 6. Bf1 0-0 7. c3 e5 8. d4 Qc7 9. d5 Nbd7 10. c4 Ne8 11. Nc3 g6 12. Qd2 Ng7 13. Qh6 f5 14. Ng5 Bxg5 15. Bxg5 Nf6 16. Qh4 Nge8 17. f4 fxe4 18. fxe5 dxe5 19. Nxe4 Ng4 20. h3 h6 21. Bd2 g5 22. Qg3 Ngf6 23. Nxf6+ Nxf6 24. Rxe5 Kh8 25. Bc3 Bd7 26. Rae1 Rf7 27. Bd3 Raf8 28. Qe3 Nh5 29. Rxg5+ Nf6 30. Rg6 1-0

[Event "Titled Tuesday intern op 06th Feb Late"]
[Site "Chess.com INT"]
[Date "2024.02.06"]
[Round "4"]
[White "Banerjee, Supratit"]
[Black "Seo, Jung Min"]
[Result "0-1"]
[WhiteElo "2137"]
[BlackElo "2466"]
[PlyCount "164"]
[EventDate "2024.02.06"]
[EventType "swiss (blitz)"]
[EventRounds "11"]
[EventCountry "USA"]
[SourceTitle "CB07_2024"]
[SourceDate "2024.02.14"]
[SourceVersion "1"]
[SourceVersionDate "2024.02.14"]
[SourceQuality "1"]

1. e4 c6 2. d4 d5 3. Nd2 dxe4 4. Nxe4 Nf6 5. Nxf6+ exf6 6. c3 Bd6 7. Bd3 Nd7 8. Ne2 Nf8 9. 0-0 Ng6 10. Re1 0-0 11. Ng3 Qc7 12. Be3 Be6 13. Qh5 Rfe8 14. a3 a5 15. Rad1 Re7 16. Ne4 a4 17. Nxd6 Qxd6 18. c4 Rae8 19. d5 cxd5 20. cxd5 Bd7 21. h3 Re5 22. Qf3 R5e7 23. Bb1 Ne5 24. Qe4 f5 25. Qf4 g6 26. Qd4 b5 27. Qc5 Qxc5 28. Bxc5 Nf3+ 29. gxf3 Rxe1+ 30. Rxe1 Rxe1+ 31. Kg2 Rxb1 32. Bd4 f4 33. Be5 Bf5 34. Bxf4 Rxb2 35. d6 Rb3 36. h4 Rxa3 37. h5 Rd3 38. Kg3 a3 39. hxg6 hxg6 40. Be5 a2 41. Kf4 b4 42. Kg5 b3 43. Kf6 Rxd6+ 44. Ke7 Re6+ 45. Kd8 Rxe5 46. Kc7 b2 47. Kd6 b1Q 48. Kxe5 a1Q+ 49. Kf4 Qe4+ 50. Kg5 Qh4+ 51. Kxh4 g5+ 52. Kxg5 f6+ 53. Kxf5 Kf7 54. f4 Qa5+ 55. Kg4 Kg6 56. f3 f5+ 57. Kg3 Kh5 58. Kh3 Qa3 59. Kg3 Qb3 60. Kf2 Kh4 61. Ke2 Kg3 62. Kd2 Qxf3 63. Kc2 Qxf4 64. Kd3 Qd6+ 65. Ke3 f4+ 66. Ke4 Qf8 67. Ke5 Kg2 68. Ke6 f3 69. Ke5 f2 70. Ke6 f1Q 71. Kd5 Qc4+ 72. Ke5 Qd4+ 73. Kxd4 Qd6+ 74. Ke4 Kf2 75. Kf5 Kf3 76. Kg5 Qe6 77. Kh5 Qg8 78. Kh4 Kf4 79. Kh3 Qg5 80. Kh2 Kf3 81. Kh1 Kf2 82. Kh2 Qh6# 0-1

[Event "Titled Tuesday intern op 16th Jan Early"]
[Site "Chess.com INT"]
[Date "2024.01.16"]
[Round "7"]
[White "Seo, Jung Min"]
[Black "Gubajdullin, Alexey"]
[Result "1-0"]
[WhiteElo "2481"]
[BlackElo "2253"]
[PlyCount "77"]
[EventDate "2024.01.16"]
[EventType "swiss (blitz)"]
[EventRounds "11"]
[EventCountry "USA"]
[SourceTitle "CB04_2024"]
[SourceDate "2023.10.16"]
[SourceVersion "1"]
[SourceVersionDate "2023.10.16"]
[SourceQuality "1"]

1. e4 e5 2. Nf3 Nf6 3. d4 Nxe4 4. Bd3 Nc6 5. Nxe5 Nxe5 6. dxe5 d5 7. 0-0 Nc5 8. Be3 Nxd3 9. Qxd3 g6 10. Nc3 c6 11. f4 Bf5 12. Qd2 Bb4 13. a3 Be7 14. Ne2 0-0 15. Nd4 Qd7 16. b4 f6 17. Nxf5 Qxf5 18. Bd4 b6 19. Rae1 Rad8 20. h3 c5 21. bxc5 bxc5 22. exf6 Bxf6 23. Bxc5 Rf7 24. c3 Rc7 25. Bd4 Rc4 26. Bxf6 Qxf6 27. Re5 d4 28. Qa2 Qc6 29. cxd4 Rdxd4 30. Kh2 Kg7 31. Re7+ Kh6 32. Qe2 Qd6 33. Re6 Qc7 34. Re7 Qd6 35. Re6 Qc7 36. Rf6 Rxf4 37. R1xf4 Rxf4 38. Qe3 Kg5 39. Rf8 1-0